Countries Larger than the Netherlands - Sudden Death - Statistics

General Stats
  • This quiz has been taken 53 times
  • The average score is 9 of 16
Answers on the Grid
Answers color-coded by a green-red scale on the quiz's grid according to % correct below.
Belgium
Lesotho
Marshall Islands
Greece
South Korea
Ireland
Haiti
Sri Lanka
Switzerland
Slovenia
Gambia
Syria
Taiwan
Morocco
New Zealand
Czech Republic
Israel
Kosovo
Nauru
Suriname
Moldova
Iceland
Iraq
Portugal
Luxembourg
Serbia
Kosovo
Mexico
Indonesia
Laos
 
Answer Stats
Answer % Correct
Greece
77%
Morocco
71%
New Zealand
68%
Syria
68%
Indonesia
65%
Iraq
65%
South Korea
65%
Mexico
61%
Ireland
52%
Portugal
52%
Laos
48%
Iceland
45%
Serbia
45%
Czech Republic
39%
Suriname
39%
Sri Lanka
29%
No matching quizzes found
Score Distribution
Percent of People with Each Score
Percentile by Number Answered
Your Score History
You have not taken this quiz